000 00232nam a22000977a 4500
100 _aBenny, K.K
245 _aAadayam vardhippikkal: Polinte policy
260 _bRubber, 680(January): 22-24.
_c2023
300 _bMalayalam
942 _cJS
999 _c74948
_d74948